Регионална библиотека "Любен Каравелов" - Русе

Лисицата и лъвът (Запис номер 3725)

MARC детайли
000 -Лидер
Контролно поле с фиксирана дължина 02084nam a2200433 c 4500
003 - Код на организацията, давaща контролен номер
Контролно поле BLK
005 - Дата и час на последна редакция
Контролно поле 20220216170019.0
008 - Елементи от данни с фиксирана дължина
fixed length control field 180412b bul|||||r ||||||| ||bul||
010 ## - Наследен системен номер
LC control number KNG00004833000
020 ## - Международен стандартен номер на книга ISBN
Международен стандартен номер на книга ISBN 954-07-0568-1
040 ## - Източник на каталожния запис
Идентификатор на билиотеката - собственик на записа BLK
041 ## - Код за език
Код за езика на текст/звукозапис или на отделно заглавие Български
Код за езика КДБФ Български
072 #7 - Код за тематичната категория
Код организация bullib
Код за тематична категория К
Текст Краезнание
080 ## - УДК
Текстов определител УДК Трета българска държава (от 1878)
УДК код - определител по УДК 94(497.2)"1878..."
УДК определител (092)(093)
УДК - код + определител 94(497.2)"1878..."(092)(093)
080 ## - УДК
Текстов определител УДК Български цар
УДК код - определител по УДК 929 Фердинанд I Сакс-Кобург-Готски
УДК - код + определител 929 Фердинанд I Сакс-Кобург-Готски
139 ## - Редно поле
Редна дума Лисицата и лъвът
Авторски знак Лис - Л 68
245 10 - Сведения за заглавието
Заглавие Лисицата и лъвът
Подзаглавни данни Фердинанд I на фона на бълг. психол. действителност : Т. 1 -
Редно поле (дума) състав. Даниела Давчева; състав. Светослав Овчаров.
Том Т. 1
Заглавие на том 1886 - 1902
257 ## - Страна на издаване
Страна на създаване/издаване България
260 ## - Област на издателските данни
Година на издаване 1994
300 ## - Физическа характеристика
Размери/Мащаб 25 см
380 ## - Жанр
Жанр История
500 ## - Общи забележки
Забележка Офс. изд.
600 14 - Име на лице, използвано като предмет
За него / За нея Фердинанд І Сакс-Кобург-Готски
9 (RLIN) 247717
650 #4 - Допълнително описание по предмет – тема
Основно описание – тема или топоним България - история, нова - документи
9 (RLIN) 247085
650 #4 - Допълнително описание по предмет – тема
Основно описание – тема или топоним Царе, български - документи
9 (RLIN) 247718
650 #4 - Допълнително описание по предмет – тема
Основно описание – тема или топоним Политици, български - документи
9 (RLIN) 244229
651 #4 - Допълнително описание по предмет - топоним
Географско понятие България
9 (RLIN) 241624
653 ## - Ключова дума – ненормативна
Ключова дума Фердинанд І Сакс-Кобург-Готски
653 ## - Ключова дума – ненормативна
Ключова дума българска история
659 ## - Тематичен бюлетин
Тематичен бюлетин К
700 1# - Други автори (авторска отговорност)
Лично име Давчева, Даниела
Автороска отговорност (Описва отношението между автора и произведението) състав.
9 (RLIN) 247715
700 1# - Други автори (авторска отговорност)
Лично име Овчаров, Светослав
Автороска отговорност (Описва отношението между автора и произведението) състав.
9 (RLIN) 247716
760 1# - Описание на основната серия
Място на издаване, издател и година Унив. изд. Св. Климент Охридски, 1994
Страници - том 286 с. : с факс., 16 л. портр., ил.
Заглавие Т. 1 1886 - 1902
852 ## - Местоположение
Форматна сигнатура Цб 182363
852 ## - Местоположение
Форматна сигнатура К 94(497.2)"1878..."/Ф 40
856 4# - Електронен адрес и достъп
Електронен формат pdf - файл
Път до файла /url/
856 4# - Електронен адрес и достъп
Електронен формат pdf - файл
Път до файла /url/
999 ## - СИСТЕМНИ КОНТРОЛНИ НОМЕРА
Koha biblionumber 3725
Koha biblioitemnumber 3725
942 ## - АРТИКУЛИ
Вид на библиотечния материал Книги
Скрит в OPAC Не
Koha issues (borrowed), all copies 1
Периодичен библиозапис Да
944 ## - СЪЗДАВАНЕ И РЕДАКЦИЯ на ЗАПИСА
Създаване/Редакция Създаване
Дата на регистрацията/редакция 15.01.2003
Служител, извършил регистрацията/редакцията Валя_Йорданова
944 ## - СЪЗДАВАНЕ И РЕДАКЦИЯ на ЗАПИСА
Създаване/Редакция Редакция
Дата на регистрацията/редакция 05.11.2013
999 ## - СИСТЕМНИ КОНТРОЛНИ НОМЕРА
Koha biblioitemnumber 3725
Наличности
Код за отписване Код за изгубен артикул Източник на класификационната схема Код за повреда Коз за рестрикции Код за отдаване Артикулен № Име на библиотеката - собственик Име на библиотеката, в която се намира в момента Статус (Текущо местоположение) Дата на вписване в системата Местоположение - отдел Цена в лева Инвентарен номер Систематично азбучна сигнатура Баркод Номер на екземпляра Цена в евро Служебна бележка Служебен тип на артикула
  Не е изгубен Universal Decimal Classification Не е повреден без рестрикции ползва се в читалня 6648 Регионална библиотека "Любен Каравелов" Русе Регионална библиотека "Любен Каравелов" Русе Хранилище 1994-01-01 Хранилище 0.00 608010 Цб 182363 120000608010 1 0.00 Дост: Dp Вид: Д N: стар фонд Дата: 01.01.1994 Дата инв: 03.12.2014 Бележки инв: Цб2014 Книги
Изтеглен Не е изгубен Universal Decimal Classification Не е повреден без рестрикции заемане за дома 6649 Регионална библиотека "Любен Каравелов" Русе Регионална библиотека "Любен Каравелов" Русе Дубликат 1994-01-01 Заемна - подръчен фонд 8.00 656976 94(497.2)"1878..."/Ф 40 120000656976 2 4.09 Дост: Pk Вид: Ф N: стар фонд Дата: 01.01.1994 Дата инв: 16.02.2018 Бележки инв: П2018 Книги
Изтеглен Не е изгубен Universal Decimal Classification Не е повреден без рестрикции заемане за дома 6650 Регионална библиотека "Любен Каравелов" Русе Регионална библиотека "Любен Каравелов" Русе Заемна - подръчен фонд 1994-01-01 Заемна - подръчен фонд 8.00 656977 П 949.72.05(092)/Ф 40 656977 3 4.09 Дост: Pk Вид: Ф N: стар фонд Дата: 01.01.1994 Книги
  Не е изгубен Universal Decimal Classification Не е повреден без рестрикции заемане за дома 6651 Регионална библиотека "Любен Каравелов" Русе Регионална библиотека "Любен Каравелов" Русе Заемна - подръчен фонд 1994-01-01 Заемна - подръчен фонд 8.00 656979 94(497.2)"1878..."/Ф 40 120000656979 4 4.09 Дост: Pk Вид: Ф N: стар фонд Дата: 01.01.1994 Дата инв: 08.02.2018 Бележки инв: П2018 Книги
  Не е изгубен Universal Decimal Classification Не е повреден без рестрикции ползва се в читалня 6652 Регионална библиотека "Любен Каравелов" Русе Регионална библиотека "Любен Каравелов" Русе Краезнание 1994-01-01 Краезнание 8.00 656980 К 94(497.2)"1878..."/Ф 40 120000656980 5 4.09 Дост: Pk Вид: Ф N: стар фонд Дата: 01.01.1994 Дата инв: 07.11.2017 Бележки инв: К2017 Книги
Vip Innovations Ltd, Rousse, Bulgaria 2025